Deník uklízečky /

Psychothriller kanadské autorky vypráví děsivý příběh zdánlivě ideálního páru.

Uloženo v:
Hlavní autor: White, Loreth Anne (Autor)
Další autoři: Harrison Lipenská, Kateřina, 1983- (Autor)
Médium: Kniha
Jazyk:Czech
Vydáno: Praha : Dobrovský s.r.o., 2026
Edice:Vendeta
Témata:
Celkem bylo vypůjčeno:1x
Tagy:
Žádné tagy
LEADER 02476nam a2200445 i 4500
001 106197
003 CZ PrNK
005 20260428100958.0
007 ta
008 260413s2026 xr g 000 f cze
015 |a cnb003750835 
020 |a 9788027761517  |q (vázáno) :  |c Kč 499,00 
040 |a ABG001  |b cze  |e rda 
041 1 |a cze  |h eng 
072 7 |a 821.111-3  |x Anglická próza, anglicky psaná  |2 Konspekt  |9 25 
080 |a 821.111(71)-31  |2 MRF 
080 |a (0:82-312.4)  |2 MRF 
100 1 |a White, Loreth Anne  |7 xx0259420  |4 aut  |9 113650 
240 1 0 |a Maid's diary.  |l Česky 
245 1 0 |a Deník uklízečky /  |c Loreth Anne White ; přeložila Kateřina Harrison Lipenská 
264 1 |a Praha :  |b Dobrovský s.r.o.,  |c 2026 
300 |a 330 stran ;  |c 21 cm 
336 |a text  |b txt  |2 rdacontent 
337 |a bez média  |b n  |2 rdamedia 
338 |a svazek  |b nc  |2 rdacarrier 
490 1 |a Vendeta 
500 |a Přeloženo z angličtiny 
500 |a V tiráži uvedena překladatelka Johana Horálková 
520 2 |a Psychothriller kanadské autorky vypráví děsivý příběh zdánlivě ideálního páru.  |b Kit je uklízečka s vášní pro ochotnické divadlo a instagramovým účtem, na němž si utahuje z do úmoru stylizovaných životů. Chodí taky na terapii, aby zjistila, proč má neodolatelné puzení slídit klientům v jejich soukromých věcech. Psycholožka jí navrhne, aby si začala psát deník. Jednoho dne přijde do domu nových klientů a zjistí, že je zná. Bývalý závodní lyžař Jon Rittenberg se s manželkou Daisy právě přistěhoval ze Spojených států zpátky do Vancouveru. Daisy je těhotná a Jon má slíbené povýšení ve firmě spravující lyžařská střediska, kterou vlastní Daisyin otec. Znovu se však otevře temná propast z minulosti. Co všechno do sebe vtáhne? Nakladatelská anotace. Kráceno. 
655 7 |a kanadské romány (anglicky)  |7 fd139325  |2 czenas  |9 54047 
655 7 |a thrillery (romány)  |7 fd184206  |2 czenas  |9 54254 
655 9 |a Canadian fiction (English)  |2 eczenas 
655 9 |a thrillers (novels)  |2 eczenas 
700 1 |a Harrison Lipenská, Kateřina,  |d 1983-  |7 xx0130217  |4 trl  |9 108697 
710 2 |a Dobrovský (firma)  |7 olak2017946581  |4 pbl  |9 117120 
830 0 |a Vendeta 
910 |a UOG502 
942 |2 ddc  |c KN 
999 |d 106197 
993 |0 0  |1 421180106923  |2 ddc  |4 0  |7 0  |9 99540  |b 0  |c 106923  |d 2026-04-28  |e 1  |f DOSP  |h 499.00  |i Koupě  |l DOSP  |q 2026-06-10  |r 2026-04-29  |s 2026-04-29  |t 6  |w 2026-04-28  |y KN  |z BELET  |n